000 01183nam0a22002891 4500
001 v19\rc\1322670
005 20260405172652.0
035 _a(NLR Aleph) 005208369
090 _a5382549
_c5382549
100 _a20060512e18351835|||y0rusy50 ca
101 0 _arus
102 _aRU
105 _ay z |||||
200 1 _aГаллеева комета в 1835-м году
_fСоч. А. Тройницкого
210 _a[Одесса]
_cОдес. гор. тип.
_d[1835]
215 _a[1], 30 с.
_d22
311 _aОтт.: Из "Одес. вестн." 1835 г., 4, 7, 11, 14 сент.
488 0 _12001#$aОдесский вестник$v1835, 4, 7, 11, 14 сент.
_tОдесский вестник
532 1 1 _aГаллеева комета в тысяча восемьсот тридцать пятом году
700 1 _8rus
_7ca
_aТройницкий
_bА. Г.
_f1807-1871
_gАлександр Григорьевич
_3RU\NLR\AUTH\7774158
_957086
801 2 _aRU
_bNLR
_c20090305
_2rusmarc
801 0 _aRU
_bNLR
_c20060512
_gpsbo
801 0 _aRU
_bRuMoRGB
_c20060512
_2psbo
801 1 _aRU
_bProSoft-M
_c20060512
_2rusmarc
852 _aNLR
_j98-6/95
942 _cBOOK
980 _aNB